000 00288nam a22001217a 4500
008 181023b xxu||||| |||| 00| 0 eng d
041 _aeng
080 _23 ED
_a611
100 _a6
101 _aANA
245 _aThe Selectinal Anatomy Learning System
_cEdith.J.A
942 _2udc
_cBK
999 _c50602
_d50602